| 000 | 00938nam a2200289 i 4500 | ||
|---|---|---|---|
| 001 | bg | ||
| 003 | BPK | ||
| 005 | 20191023103318.0 | ||
| 008 | 010224s2000 pl a f f |000 0 pol | ||
| 015 | _aPB 2001/3061 | ||
| 020 | _a8301131616 | ||
| 040 |
_aWA N _cBPK |
||
| 041 | 0 | _apol | |
| 080 | _a624.012.45 | ||
| 080 | _a(075.8) | ||
| 100 | 1 |
_aStarosolski, Włodzimierz _d(1933- ) _eAutor |
|
| 245 | 1 | 0 |
_aKonstrukcje żelbetowe : _bdostosowane do przepisów PN-B-03264:1999. _nT. 2 / _cWłodzimierz Starosolski. |
| 250 | _aWyd. 6 zm. | ||
| 260 |
_aWarszawa : _bWydaw. Naukowe PWN, _c2000. |
||
| 300 |
_a375, [1] s. : _bil. ; _c24 cm. |
||
| 504 | _aBibliogr. | ||
| 655 | 4 | _aPodręczniki akademickie | |
| 650 | 4 | _aKonstrukcje żelbetowe | |
| 710 | 2 |
_aWydawnictwo Naukowe PWN _4pbl. |
|
| 856 |
_uhttp://koha.tu.koszalin.pl/cgi-bin/koha/opac-detail.pl?biblionumber=39734 _zKatalog online BPK |
||
| 942 |
_2UKD _cKS |
||
| 999 |
_c39734 _d39734 |
||